LIBRARY ONLINE CATALOGUE

Influence of Student councils in Curbing Frequency of Student Unrests in Public Boys Boarding Secondary Schools in Elgon Sub-county, Kenya (Record no. 18695)

MARC details
000 -LEADER
fixed length control field 00482nam a22001217a 4500
008 - FIXED-LENGTH DATA ELEMENTS--GENERAL INFORMATION
fixed length control field 210115b xxu||||| |||| 00| 0 eng d
050 ## - LIBRARY OF CONGRESS CALL NUMBER
Classification number GME0236
Item number .K56 2018 c.1
100 ## - MAIN ENTRY--PERSONAL NAME
Personal name Kimame, Leslie Simatwa
245 ## - TITLE STATEMENT
Title Influence of Student councils in Curbing Frequency of Student Unrests in Public Boys Boarding Secondary Schools in Elgon Sub-county, Kenya
Statement of responsibility, etc. Leslie S. Kimame
260 ## - PUBLICATION, DISTRIBUTION, ETC. (IMPRINT)
Place of publication, distribution, etc. Kabarak, Nakuru, Kenya
Name of publisher, distributor, etc. Kabarak University
Date of publication, distribution, etc. 2018
300 ## - PHYSICAL DESCRIPTION
Extent xiv,107leaves
942 ## - ADDED ENTRY ELEMENTS (KOHA)
Source of classification or shelving scheme Library of Congress Classification
Koha item type Thesis, Dissertation and Projecs
Holdings
Withdrawn status Lost status Source of classification or shelving scheme Not for loan Home library Current library Date acquired Total Checkouts Full call number Barcode Date last seen Price effective from Koha item type
    Library of Congress Classification   Kabarak, Main Campus Kabarak, Main Campus 15/01/2021   GME0236 .K56 2018 c.1 029545 15/09/2022 15/01/2021 Thesis, Dissertation and Projecs
    Library of Congress Classification   Kabarak, Main Campus Kabarak, Main Campus 15/01/2021   GME0236 .K56 2018 c.2 029546 18/01/2021 15/01/2021 Thesis, Dissertation and Projecs